00549nam a2200193 a 4500008004100000020002200041100001800063245007300081260003500154300001200189300003400201500004000235500002000275650001500295700001800310003000100328005001700329040000900346  a0627024769 (pbk.) aMohr, Philip. 0aEconomics for South African students /cMohr Philip, Fourie Louise. aPretoria :bVan schaik,c1996. a2nd ed. axii, 654 p. :bill. ;c25 cm. aIcludes bibliographical references. aIncludes index. aEconomics. aFourie ,Louis20230123125448.0 cNUST